| 000 | 00993nam a2200265 4500 | ||
|---|---|---|---|
| 003 | OSt | ||
| 005 | 20260601193404.0 | ||
| 008 | 260421b2001 gw a|||| |||| 00| 0 eng d | ||
| 020 | _a3822868760 | ||
| 040 |
_aICI _bspa _cICI |
||
| 041 | _aENG | ||
| 050 |
_a NK951 _bB77 |
||
| 100 | 1 |
_aBrohan, Torsten _935260 |
|
| 245 | 1 |
_aDesign Classics 1880 -1930 _cTorsten Brohan, Thomas Berg ; [English translation: Ishbel Flett ; Spanish translation Gloria Bohigas ; Italian translation Pierpaolo Mura] |
|
| 264 |
_bTASCHEN _c2001 _aKoln |
||
| 300 |
_a176 páginas _b hojas (algunas a color) |
||
| 336 |
_atexto _2rdacontent |
||
| 337 |
_asin medio _2rdamedia |
||
| 338 |
_avolumen _2rdacarrier |
||
| 500 | _a "The picture material in this book commes from the Torsten Brohan Archive, Dusseldorf."--Rev. de la portada | ||
| 500 | _aTexto en Ingles, Italiano y Español | ||
| 650 |
_aDiseño _x Historia _y Siglo XIX _zAlemania _935261 |
||
| 700 |
_aBerg, Thomas _d1965 _eautor _935262 |
||
| 942 |
_2ddc _cB |
||
| 999 |
_c21056 _d21056 |
||